[Event "San Sebastian op 44th"]
[Site "San Sebastian"]
[Date "2024.03.23"]
[Round "1"]
[White "Stokes, Paul C"]
[Black "Del Rio de Angelis, Salvador Gabriel"]
[Result "0-1"]
[WhiteElo "1820"]
[BlackElo "2420"]
[PlyCount "84"]
[EventDate "2024.03.23"]
[EventType "swiss"]
[EventRounds "9"]
[EventCountry "ESP"]
[SourceTitle "EXT 2025"]
[Source "ChessBase"]
[SourceDate "2024.10.14"]
[SourceVersion "1"]
[SourceVersionDate "2024.10.14"]
[SourceQuality "1"]

1. d4 Nf6 2. Nf3 d5 3. g3 e6 4. Bg2 Be7 5. 0-0 0-0 6. c4 dxc4 7. Qc2 c5 8. Qxc4 cxd4 9. Nxd4 e5 10. Nb3 Nc6 11. Nc3 Be6 12. Qa4 Bd7 13. Qc4 Rc8 14. Bg5 Nd4 15. Qd3 Bf5 16. Qd2 b6 17. Rac1 Nxb3 18. axb3 Qxd2 19. Bxd2 Be6 20. Nb5 a5 21. Be3 Nd7 22. Na7 Rxc1 23. Rxc1 Bc5 24. Bxc5 Nxc5 25. b4 axb4 26. Nc6 e4 27. Nxb4 Rd8 28. h4 f5 29. e3 Rd2 30. Rc2 Rd1+ 31. Kh2 Rd6 32. Bf1 Kf8 33. Bb5 Bb3 34. Re2 Bd1 35. Re1 Bf3 36. Ra1 Rd2 37. Ra8+ Kf7 38. Bc4+ Kg6 39. Rb8 Nd7 40. Rb7 Rd1 41. g4 Rh1+ 42. Kg3 Rg1+ 0-1

[Event "Torredembarra op 21st"]
[Site "Torredembarra"]
[Date "2019.07.10"]
[Round "5"]
[White "Stokes, Paul C"]
[Black "Fernandez Alonso, Miquel Angel"]
[Result "1/2-1/2"]
[WhiteElo "1809"]
[BlackElo "2060"]
[PlyCount "61"]
[EventDate "2019.07.06"]
[EventType "swiss"]
[EventRounds "9"]
[EventCountry "ESP"]
[SourceTitle "CBM 191 Extra"]
[Source "ChessBase"]
[SourceDate "2019.09.30"]
[SourceVersion "1"]
[SourceVersionDate "2019.09.30"]
[SourceQuality "1"]

1. d4 Nf6 2. c4 b6 3. f3 c5 4. d5 d6 5. Nc3 g6 6. e4 Bg7 7. Bd3 0-0 8. Nge2 e6 9. 0-0 exd5 10. exd5 Nbd7 11. b3 Ne5 12. Bc2 Re8 13. Qd2 Nh5 14. Bb2 f5 15. Rae1 Bd7 16. Nc1 Nf7 17. Nd1 Bxb2 18. Nxb2 Qf6 19. Nbd3 Qd4+ 20. Qf2 Qxf2+ 21. Kxf2 Kg7 22. Ne2 Kf6 23. Nc3 Rxe1 24. Rxe1 Re8 25. Rxe8 Bxe8 26. Ke3 Ne5 27. g3 Nxd3 28. Bxd3 Bd7 29. f4 Ke7 30. Be2 Nf6 31. h3 1/2-1/2

[Event "Marianske Lazne op 50+"]
[Site "Marianske Lazne"]
[Date "2019.01.26"]
[Round "9"]
[White "Stokes, Paul C"]
[Black "Dolezal, Rudolf"]
[Result "1/2-1/2"]
[WhiteElo "1857"]
[BlackElo "1625"]
[PlyCount "71"]
[EventDate "2019.01.19"]
[EventType "swiss"]
[EventRounds "9"]
[EventCountry "CZE"]
[SourceTitle "CBM 188 Extra"]
[Source "ChessBase"]
[SourceDate "2019.02.28"]
[SourceVersion "1"]
[SourceVersionDate "2019.02.28"]
[SourceQuality "1"]

1. d4 d5 2. c4 Nc6 3. Nc3 Nf6 4. cxd5 Nxd5 5. e4 Nxc3 6. bxc3 e6 7. Nf3 Be7 8. Bd3 a6 9. 0-0 0-0 10. e5 b5 11. a4 b4 12. c4 g6 13. Be4 Bb7 14. Bb2 a5 15. d5 Na7 16. Qb3 f5 17. exf6 Bxf6 18. Rad1 Bxb2 19. dxe6 Qf6 20. Bxb7 Rab8 21. e7 Rfe8 22. Bd5+ Kg7 23. Qe3 Nc8 24. Qc5 Qb6 25. Qxb6 Rxb6 26. c5 Rf6 27. Ng5 Rxe7 28. Ne4 Rf5 29. f3 Ree5 30. Bb3 Re7 31. Rd3 Na7 32. Rfd1 Nc6 33. Rd7 Kf8 34. R7d3 h6 35. R1d2 Bg7 36. Rd1 1/2-1/2

[Event "London Classic op 7th"]
[Site "London"]
[Date "2015.12.11"]
[Round "9"]
[White "Chilton, James I"]
[Black "Stokes, Paul C"]
[Result "1/2-1/2"]
[WhiteElo "1742"]
[BlackElo "1884"]
[PlyCount "116"]
[EventDate "2015.12.04"]
[EventType "swiss"]
[EventRounds "9"]
[EventCountry "ENG"]
[SourceTitle "CBM 169 Extra"]
[Source "ChessBase"]
[SourceDate "2015.12.18"]
[SourceVersion "1"]
[SourceVersionDate "2015.12.18"]
[SourceQuality "1"]

1. e4 c6 2. d4 d5 3. e5 Bf5 4. Nf3 e6 5. Be2 c5 6. Be3 cxd4 7. Nxd4 Ne7 8. Nc3 a6 9. g4 Bg6 10. h4 h5 11. gxh5 Bf5 12. Bg5 Qc7 13. Bxe7 Bxe7 14. Nxf5 exf5 15. Nxd5 Qxe5 16. Nxe7 Qxe7 17. Qd4 Qe4 18. 0-0-0 Qxd4 19. Rxd4 Nc6 20. Rd3 Rd8 21. Rhd1 Rxd3 22. Rxd3 Ke7 23. Rd5 Ke6 24. Bc4 Rxh5 25. Rb5+ Kd6 26. Bxf7 Rxh4 27. Rxf5 Ne7 28. Rf3 Nc6 29. Rd3+ Kc7 30. Bd5 Nb4 31. Rc3+ Kd6 32. Bb3 Nc6 33. Rg3 Rh7 34. Bg8 Rh2 35. Rxg7 Ne7 36. Rh7 Rxf2 37. Rf7 Rxf7 38. Bxf7 a5 39. Kd2 Kc5 40. Kc3 b6 41. a3 Nf5 42. Be6 Nd6 43. b4+ axb4+ 44. axb4+ Kc6 45. Bc4 Ne4+ 46. Kd4 Nd6 47. Bd3 Kc7 48. Kd5 Ne8 49. c4 Nd6 50. Bg6 Nb7 51. Be8 Nd6 52. Ba4 Nb7 53. Bb5 Nd6 54. Ke6 Ne4 55. Ba6 Nc3 56. Ke5 Na2 57. c5 Nxb4 58. cxb6+ Kxb6 1/2-1/2

[Event "BCF-ch U160"]
[Site "Aberystwyth"]
[Date "2014.07.31"]
[Round "4"]
[White "Stokes, Paul C"]
[Black "Pyper, Otto"]
[Result "1-0"]
[WhiteElo "150"]
[BlackElo "148"]
[PlyCount "57"]
[EventDate "2014.07.28"]
[EventType "swiss"]
[EventRounds "5"]
[EventCountry "WLS"]
[SourceTitle "EXT 2017"]
[Source "ChessBase"]
[SourceDate "2016.10.25"]
[SourceVersion "1"]
[SourceVersionDate "2016.10.25"]
[SourceQuality "1"]

1. d4 d5 2. c4 e6 3. Nf3 Nf6 4. g3 Be7 5. Bg2 b6 6. cxd5 exd5 7. Nc3 Bb7 8. 0-0 0-0 9. Bf4 Nbd7 10. Rc1 a6 11. Ne1 Rc8 12. Nc2 Ne4 13. f3 Nxc3 14. bxc3 Nf6 15. Qd3 c5 16. e4 cxd4 17. cxd4 Re8 18. e5 Nd7 19. Bd2 b5 20. f4 Nf8 21. f5 Bg5 22. h4 Bxd2 23. Qxd2 Qb6 24. Ne3 Rcd8 25. f6 g6 26. Nf5 gxf5 27. Qg5+ Ng6 28. Qh6 Qxd4+ 29. Kh2 1-0

[Event "BCF-ch U160"]
[Site "Aberystwyth"]
[Date "2014.07.30"]
[Round "3"]
[White "Smith, David"]
[Black "Stokes, Paul C"]
[Result "0-1"]
[WhiteElo "144"]
[BlackElo "150"]
[PlyCount "94"]
[EventDate "2014.07.28"]
[EventType "swiss"]
[EventRounds "5"]
[EventCountry "WLS"]
[SourceTitle "EXT 2017"]
[Source "ChessBase"]
[SourceDate "2016.10.25"]
[SourceVersion "1"]
[SourceVersionDate "2016.10.25"]
[SourceQuality "1"]

1. e4 c6 2. d4 d5 3. exd5 cxd5 4. Bd3 Nc6 5. c3 Qc7 6. Ne2 Bg4 7. f3 Bd7 8. Bf4 e5 9. dxe5 Nxe5 10. Bxe5 Qxe5 11. 0-0 Bc5+ 12. Kh1 Nf6 13. Nd2 0-0 14. Nb3 Bd6 15. f4 Qh5 16. Ng3 Qh4 17. Nf5 Bxf5 18. Bxf5 Bxf4 19. Bh3 Rfe8 20. Qf3 Bd6 21. Nd4 Qe4 22. Qf2 Bc5 23. Rae1 Qd3 24. Rd1 Qc4 25. Qf3 Bxd4 26. Rxd4 Qe2 27. Rb4 Qxf3 28. gxf3 Re7 29. Bg2 Rae8 30. Kg1 b6 31. a4 g6 32. a5 bxa5 33. Ra4 Rb7 34. Rb1 Rb5 35. Bf1 Rc5 36. Rba1 Rb8 37. Rxa5 Rxa5 38. Rxa5 Rxb2 39. Rxa7 Rc2 40. Ra3 Nh5 41. Bd3 Rd2 42. c4 Nf4 43. Bf1 d4 44. Ra4 d3 45. c5 Ne2+ 46. Bxe2 Rxe2 47. Re4 Rxe4 0-1

[Event "BCF-ch U160"]
[Site "Aberystwyth"]
[Date "2014.07.29"]
[Round "2"]
[White "Stokes, Paul C"]
[Black "Hamby, Stephen"]
[Result "1-0"]
[WhiteElo "150"]
[BlackElo "142"]
[PlyCount "61"]
[EventDate "2014.07.28"]
[EventType "swiss"]
[EventRounds "5"]
[EventCountry "WLS"]
[SourceTitle "EXT 2017"]
[Source "ChessBase"]
[SourceDate "2016.10.25"]
[SourceVersion "1"]
[SourceVersionDate "2016.10.25"]
[SourceQuality "1"]

1. d4 Nf6 2. c4 g6 3. Nf3 Bg7 4. g3 0-0 5. Bg2 d6 6. Nc3 Nbd7 7. 0-0 e5 8. e4 exd4 9. Nxd4 Re8 10. Re1 a6 11. h3 Ne5 12. b3 Bd7 13. Be3 h6 14. Qc2 Qc8 15. Kh2 Rb8 16. Rac1 Nc6 17. Nde2 b5 18. Nd5 Ne7 19. Nxf6+ Bxf6 20. cxb5 Bxb5 21. Qxc7 Qe6 22. Nf4 Qe5 23. Nd5 Rec8 24. Nxf6+ Qxf6 25. Qa5 Nc6 26. Qd2 h5 27. a4 Ne5 28. axb5 Rxc1 29. Rxc1 axb5 30. f4 Nd7 31. Rc6 1-0

[Event "BCF-ch U180"]
[Site "Aberystwyth"]
[Date "2014.07.21"]
[Round "1"]
[White "Bryant, Richard BE"]
[Black "Stokes, Paul C"]
[Result "1-0"]
[WhiteElo "170"]
[BlackElo "150"]
[PlyCount "73"]
[EventDate "2014.07.21"]
[EventType "swiss"]
[EventRounds "5"]
[EventCountry "WLS"]
[SourceTitle "EXT 2017"]
[Source "ChessBase"]
[SourceDate "2016.10.25"]
[SourceVersion "1"]
[SourceVersionDate "2016.10.25"]
[SourceQuality "1"]

1. e4 c6 2. Nc3 d5 3. Nf3 Bg4 4. h3 Bxf3 5. Qxf3 e6 6. Qg3 Nf6 7. e5 Nfd7 8. d4 c5 9. dxc5 Nc6 10. Bb5 Qc7 11. Bf4 Qa5 12. 0-0 g6 13. a3 Bg7 14. Rfe1 0-0 15. b4 Qd8 16. Rad1 a5 17. Bxc6 bxc6 18. Ne2 axb4 19. axb4 Qc7 20. Nd4 Ra4 21. c3 Rfa8 22. Qe3 Ra3 23. Nf3 Qa7 24. Nd4 Qa6 25. Qd3 Qb7 26. Rb1 R8a4 27. Qe3 Qa6 28. b5 cxb5 29. c6 Nb6 30. Nxb5 Ra1 31. Nc7 Qa7 32. Nb5 Qa5 33. c7 Nc8 34. Kh2 Rxb1 35. Rxb1 Re4 36. Qg3 Ra4 37. Qg5 1-0

[Event "Beacon Juniors op"]
[Site "Exmouth"]
[Date "2006.11.13"]
[Round "1"]
[White "Roberts, Malcolm A"]
[Black "Stokes, Paul C"]
[Result "1/2-1/2"]
[WhiteElo "1600"]
[BlackElo "1840"]
[PlyCount "102"]
[EventDate "2006.11.13"]
[EventType "swiss"]
[EventRounds "5"]
[EventCountry "ENG"]
[SourceTitle "EXT 2008"]
[Source "ChessBase"]
[SourceDate "2007.11.25"]
[SourceVersion "1"]
[SourceVersionDate "2007.11.25"]
[SourceQuality "1"]

1. e4 c5 2. Nf3 g6 3. c3 Bg7 4. d4 cxd4 5. cxd4 d5 6. exd5 Nf6 7. Bb5+ Nbd7 8. Nc3 0-0 9. 0-0 Nb6 10. h3 Nfxd5 11. Bg5 f6 12. Bd2 Be6 13. Re1 Bf7 14. Rc1 Qd6 15. Ne4 Qb8 16. Nc5 Nc7 17. Be3 Re8 18. Bf4 Nbd5 19. Bg3 Qc8 20. Bc4 b6 21. Bxc7 Qxc7 22. Ne6 Qd6 23. Bxd5 Qxd5 24. Nc7 Qb7 25. Nxa8 Rxa8 26. Qe2 Kf8 27. Qc2 Bd5 28. Qc7 Qxc7 29. Rxc7 e6 30. b3 a5 31. Nd2 b5 32. Nf3 a4 33. bxa4 Rxa4 34. Rc8+ Ke7 35. Rc7+ Kf8 36. Rec1 Bh6 37. Rc8+ Ke7 38. R1c7+ Kd6 39. Rxh7 Bf4 40. Rd8+ Kc6 41. g3 Bxg3 42. fxg3 Bxf3 43. Rc8+ Kd6 44. Rc3 Bd5 45. a3 Rxd4 46. Rf7 Ke5 47. Re3+ Kf5 48. g4+ Kg5 49. Rc7 Rd1+ 50. Kf2 Rd2+ 51. Ke1 Rb2 1/2-1/2